Statistics for Медитеранске државе

Click here to take the quiz!

General Stats

  • This quiz has been taken 456 times
  • The average score is 17 of 21

Answer Stats

Држава% Correct
Италија
98%
Шпанија
97%
Грчка
96%
Француска
91%
Турска
91%
Египат
90%
Хрватска
89%
Мароко
88%
Тунис
86%
Црна Гора
85%
Алжир
85%
Албанија
83%
Кипар
82%
Либија
81%
Израел
80%
Словенија
75%
Босна и Херцеговина
75%
Малта
74%
Монако
70%
Сирија
66%
Либан
64%

Score Distribution

Percentile by Number Answered

Percent of People with Each Score

Your Score History

You have not taken this quiz